Welcome to the Holygrace Academy Library

Please use search bar below to get started

100 INVENTIONS (Record no. 6566)

MARC details
000 -LEADER
fixed length control field 00313nam a22001457a 4500
020 ## - INTERNATIONAL STANDARD BOOK NUMBER
ISBN 81-7439-014-6
082 ## - DEWEY DECIMAL CLASSIFICATION NUMBER
Classification number 001
Item number YEN/H
100 ## - MAIN ENTRY--AUTHOR NAME
Personal name YENNE,BILL
245 ## - TITLE STATEMENT
Title 100 INVENTIONS
250 ## - EDITION STATEMENT
Edition statement FIRST
260 ## - PUBLICATION, DISTRIBUTION, ETC. (IMPRINT)
Place of publication NEW DELHI
Name of publisher GEMINI BOOKS
Year of publication 2002
300 ## - PHYSICAL DESCRIPTION
Number of Pages 112
650 ## - SUBJECT ADDED ENTRY--TOPICAL TERM
Topical Term INVENTIONS
Geographic subdivision NEW DELHI
942 ## - ADDED ENTRY ELEMENTS (KOHA)
Koha item type Books
Holdings
Withdrawn status Lost status Collection code Home library Current library Shelving location Date acquired Source of acquisition Cost, normal purchase price Full call number Accession Number Koha item type
    Reference Main Library Main Library SHELF-17-L-BIOGRAPHIES & AUTOBIOGRAPHIES 22/11/2006 PURCHASE 65.00 001 YEN/H 01639 Books